[Event "eytcc"]
[Site "?"]
[Date "2017.08.23"]
[Round "7.28"]
[White "Jacobsen, Mikkel Manosri"]
[Black "Sahidi, Samir"]
[Result "0-1"]
[BlackElo "2212"]
[WhiteElo "2219"]
[LiveChessVersion "1.4.4"]

1. d4 {[%clk 1:30:57]} Nf6 {[%clk 1:30:36]} 2. c4 {[%clk 1:31:20]} e6
{[%clk 1:30:59]} 3. Nf3 {[%clk 1:31:46]} Bb4+ {[%clk 1:30:31]} 4. Nbd2
{[%clk 1:32:09]} O-O {[%clk 1:30:17]} 5. a3 {[%clk 1:32:27]} Be7 {[%clk 1:30:24]}
6. e4 {[%clk 1:32:29]} d5 {[%clk 1:29:57]} 7. e5 {[%clk 1:32:55]} Nfd7
{[%clk 1:29:26]} 8. Bd3 {[%clk 1:33:19]} c5 {[%clk 1:25:47]} 9. h4
{[%clk 1:33:44]} h6 {[%clk 1:23:29]} 10. Bb1 {[%clk 1:32:07]} cxd4
{[%clk 1:17:01]} 11. Qc2 {[%clk 1:28:21]} f5 {[%clk 1:15:40]} 12. cxd5
{[%clk 1:24:36]} exd5 {[%clk 1:14:25]} 13. Ba2 {[%clk 1:17:54]} Kh7
{[%clk 1:03:28]} 14. g4 {[%clk 0:51:11]} d3 {[%clk 1:00:34]} 15. Qxd3
{[%clk 0:34:39]} Nc5 {[%clk 1:00:46]} 16. Qe3 {[%clk 0:35:00]} Nc6
{[%clk 0:53:28]} 17. b4 {[%clk 0:26:24]} d4 {[%clk 0:52:42]} 18. Qe2
{[%clk 0:24:15]} d3 {[%clk 0:52:11]} 19. Qe3 {[%clk 0:23:15]} f4 {[%clk 0:51:37]}
20. Ng5+ {[%clk 0:23:39]} Bxg5 {[%clk 0:51:41]} 21. Qxc5 {[%clk 0:24:03]} Be7
{[%clk 0:51:17]} 22. Qc3 {[%clk 0:23:00]} Bxg4 {[%clk 0:50:20]} 23. Bb2
{[%clk 0:22:54]} Bxh4 {[%clk 0:49:53]} 24. Rg1 {[%clk 0:21:43]} Bxf2+
{[%clk 0:49:05]} 25. Kxf2 {[%clk 0:19:29]} Qh4+ {[%clk 0:49:27]} 26. Kf1
{[%clk 0:19:32]} Be2+ {[%clk 0:49:43]} 27. Kg2 {[%clk 0:19:24]} Qg3+
{[%clk 0:50:01]} 0-1

[Event "eytcc"]
[Site "?"]
[Date "2017.08.23"]
[Round "7.29"]
[White "Chukavin, Kirill"]
[Black "Pacan-Milej, Kosma"]
[Result "0-1"]
[BlackElo "2338"]
[WhiteElo "2159"]
[LiveChessVersion "1.4.4"]

1. e4 {[%clk 1:30:57]} c5 {[%clk 1:30:58]} 2. Nf3 {[%clk 1:31:18]} d6
{[%clk 1:31:23]} 3. d4 {[%clk 1:31:31]} Nf6 {[%clk 1:31:47]} 4. Nc3
{[%clk 1:31:55]} cxd4 {[%clk 1:32:13]} 5. Nxd4 {[%clk 1:32:20]} a6
{[%clk 1:32:40]} 6. h3 {[%clk 1:32:34]} g6 {[%clk 1:32:52]} 7. g4
{[%clk 1:31:06]} Bg7 {[%clk 1:33:17]} 8. Bg2 {[%clk 1:31:00]} h5 {[%clk 1:33:43]}
9. g5 {[%clk 1:30:45]} Nfd7 {[%clk 1:34:07]} 10. Be3 {[%clk 1:30:12]} Nc6
{[%clk 1:34:08]} 11. O-O {[%clk 1:29:20]} O-O {[%clk 1:33:05]} 12. a4
{[%clk 1:23:17]} Rb8 {[%clk 0:59:38]} 13. Nce2 {[%clk 1:13:20]} Nde5
{[%clk 0:45:39]} 14. b3 {[%clk 1:08:38]} Bd7 {[%clk 0:44:18]} 15. f4
{[%clk 0:54:28]} Nxd4 {[%clk 0:44:43]} 16. Bxd4 {[%clk 0:52:28]} Nc6
{[%clk 0:44:57]} 17. Bxg7 {[%clk 0:50:44]} Kxg7 {[%clk 0:45:26]} 18. f5
{[%clk 0:49:25]} Qb6+ {[%clk 0:43:14]} 19. Kh1 {[%clk 0:45:18]} Qe3
{[%clk 0:37:42]} 20. Nf4 {[%clk 0:27:10]} Kh7 {[%clk 0:36:40]} 21. f6
{[%clk 0:19:44]} e5 {[%clk 0:34:54]} 22. Rf3 {[%clk 0:16:22]} Qxe4
{[%clk 0:32:18]} 23. Nxh5 {[%clk 0:11:01]} Qh4 {[%clk 0:25:36]} 24. Ng7
{[%clk 0:04:47]} Nd4 {[%clk 0:21:22]} 25. Rd3 {[%clk 0:02:55]} Qxg5
{[%clk 0:12:53]} 26. c3 {[%clk 0:02:34]} Bc6 {[%clk 0:06:09]} 27. Bxc6
{[%clk 0:01:33]} Nxc6 {[%clk 0:06:37]} 28. Rxd6 {[%clk 0:00:48]} Rbd8
{[%clk 0:06:30]} 29. Rxd8 {[%clk 0:00:34]} Rxd8 {[%clk 0:06:54]} 30. Qf1
{[%clk 0:00:32]} e4 {[%clk 0:03:14]} 31. Ra2 {[%clk 0:00:35]} e3 {[%clk 0:02:06]}
32. Rg2 {[%clk 0:00:49]} Qe5 {[%clk 0:02:09]} 33. c4 {[%clk 0:00:32]} Rd2
{[%clk 0:01:53]} 34. Re2 {[%clk 0:00:31]} Rxe2 {[%clk 0:01:45]} 35. Qxe2
{[%clk 0:01:00]} Nd4 {[%clk 0:01:21]} 36. Qe1 {[%clk 0:00:39]} e2
{[%clk 0:01:16]} 0-1

[Event "eytcc"]
[Site "?"]
[Date "2017.08.23"]
[Round "7.30"]
[White "Baum, Jonasz"]
[Black "Garanin, Aleksei"]
[Result "0-1"]
[BlackElo "2192"]
[WhiteElo "2294"]
[LiveChessVersion "1.4.4"]

1. e4 {[%clk 1:30:58]} c5 {[%clk 1:30:54]} 2. Nf3 {[%clk 1:31:24]} d6
{[%clk 1:31:17]} 3. d4 {[%clk 1:31:50]} cxd4 {[%clk 1:31:43]} 4. Nxd4
{[%clk 1:32:16]} Nf6 {[%clk 1:32:06]} 5. Nc3 {[%clk 1:32:41]} a6 {[%clk 1:32:31]}
6. h3 {[%clk 1:33:06]} e5 {[%clk 1:32:42]} 7. Nde2 {[%clk 1:33:31]} h5
{[%clk 1:33:04]} 8. Bg5 {[%clk 1:33:57]} Be6 {[%clk 1:32:18]} 9. Bxf6
{[%clk 1:34:22]} Qxf6 {[%clk 1:32:39]} 10. Nd5 {[%clk 1:34:48]} Qd8
{[%clk 1:32:20]} 11. Nec3 {[%clk 1:35:12]} Nc6 {[%clk 1:29:24]} 12. Bc4
{[%clk 1:34:47]} b5 {[%clk 1:26:36]} 13. Bb3 {[%clk 1:34:39]} g6 {[%clk 1:25:01]}
14. O-O {[%clk 1:29:41]} Bg7 {[%clk 1:20:23]} 15. Qd3 {[%clk 1:25:35]} O-O
{[%clk 1:18:06]} 16. Rfd1 {[%clk 1:24:23]} Ra7 {[%clk 1:13:24]} 17. Ne3
{[%clk 1:21:47]} Rd7 {[%clk 1:09:10]} 18. Ncd5 {[%clk 1:11:06]} Qg5
{[%clk 0:56:56]} 19. Kh1 {[%clk 1:09:21]} Qh4 {[%clk 0:56:38]} 20. Rd2
{[%clk 0:55:36]} Nd4 {[%clk 0:38:48]} 21. c3 {[%clk 0:46:50]} Nxb3
{[%clk 0:39:08]} 22. axb3 {[%clk 0:47:15]} f5 {[%clk 0:39:20]} 23. exf5
{[%clk 0:38:06]} gxf5 {[%clk 0:38:39]} 24. Nf1 {[%clk 0:34:57]} Bh6
{[%clk 0:32:00]} 25. Re2 {[%clk 0:31:48]} e4 {[%clk 0:29:54]} 26. Qd4
{[%clk 0:31:33]} Bg7 {[%clk 0:25:10]} 27. Qd2 {[%clk 0:31:54]} Be5
{[%clk 0:25:29]} 28. Nh2 {[%clk 0:26:41]} Bxd5 {[%clk 0:16:47]} 29. Qxd5+
{[%clk 0:27:02]} Kh7 {[%clk 0:17:03]} 30. Rxa6 {[%clk 0:24:50]} Rg7
{[%clk 0:16:49]} 31. Ra1 {[%clk 0:19:33]} Rf6 {[%clk 0:15:03]} 32. Rg1
{[%clk 0:16:11]} Rfg6 {[%clk 0:15:30]} 33. Qd1 {[%clk 0:16:29]} Qg5
{[%clk 0:09:41]} 34. c4 {[%clk 0:09:10]} h4 {[%clk 0:08:49]} 35. cxb5
{[%clk 0:07:23]} Qf4 {[%clk 0:06:42]} 36. Nf1 {[%clk 0:02:11]} Qf3
{[%clk 0:06:42]} 37. Nd2 {[%clk 0:02:30]} Qd3 {[%clk 0:04:54]} 38. Nc4
{[%clk 0:00:55]} Rxg2 {[%clk 0:04:41]} 39. Nxe5 {[%clk 0:00:39]} Qxh3#
{[%clk 0:05:01]} 0-1

[Event "eytcc"]
[Site "?"]
[Date "2017.08.23"]
[Round "7.31"]
[White "Lumiste, Rene"]
[Black "Oglaza, Oskar"]
[Result "1-0"]
[BlackElo "2185"]
[WhiteElo "2130"]
[LiveChessVersion "1.4.4"]

1. Nf3 f5 2. g3 Nf6 3. Bg2 g6 4. d4 Bg7 5. O-O O-O 6. Bf4 d6 7. Qc1 Re8 8. Bh6 e5
9. Bxg7 Kxg7 10. e3 e4 11. Nfd2 Nbd7 12. b4 Nf8 13. c4 g5 14. Nc3 Ng6 15. c5 d5
16. f4 gxf4 17. gxf4 Nh4 18. Qe1 Nxg2 19. Kxg2 Rg8 20. Kh1 Kh8 21. Rg1 Be6 22. h3
Rxg1+ 23. Qxg1 Qe7 24. Qf2 b6 25. Rg1 a5 26. a3 axb4 27. axb4 Ra3 28. Ndb1 Rb3
29. Qh4 Qf7 30. cxb6 cxb6 31. b5 Rb2 32. Qg5 Rf2 33. Nd1 Ra2 34. Nbc3 Ra3 35. Kh2
Bd7 36. Rg2 Ra8 37. Qh6 Rc8 38. Rg5 Rc4 39. Rg2 Rc8 40. Qh4 Qe6 41. Kh1 Qf7 42.
Kg1 Rc4 43. Ra2 Rc8 44. Kh1 Rg8 45. Rg2 Rc8 46. Qh6 Qe7 47. Qg5 Qf7 48. Qh4 Rc4
49. Ra2 Rc8 50. Ra6 Qe6 51. Qh6 Rb8 52. Ra7 Re8 53. Rb7 Kg8 54. Nb2 Kf7 55. Nba4
Rc8 56. Rxb6 Rxc3 57. Rxe6 Rc1+ 58. Kg2 Bxe6 59. Nc5 Rb1 60. Nxe6 Kxe6 61. Qf8
Rxb5 62. Qc8+ Kf7 63. Qxf5 Rb2+ 64. Kf1 Rb3 65. Qe5 Rxe3 66. f5 Nh5 67. Qxd5+ Kf6
68. Qe5+ Kg5 69. f6+ Kg6 70. Qe8+ Kh6 71. f7 Rf3+ 72. Ke1 Kg7 73. f8=B+ Rxf8 74.
Qxh5 Rf7 75. d5 Kf6 76. Qh6+ Ke7 77. Qe6+ Kf8 78. d6 h5 79. d7 1-0

[Event "eytcc"]
[Site "?"]
[Date "2017.08.23"]
[Round "7.32"]
[White "Chyzy, Jakub"]
[Black "Pedoson, Georg Aleksander"]
[Result "1-0"]
[BlackElo "2036"]
[WhiteElo "2174"]
[LiveChessVersion "1.4.4"]

1. e4 {[%clk 1:30:59]} c6 {[%clk 1:30:52]} 2. d4 {[%clk 1:31:25]} d5
{[%clk 1:31:19]} 3. e5 {[%clk 1:31:48]} Bf5 {[%clk 1:31:12]} 4. Nf3
{[%clk 1:32:13]} e6 {[%clk 1:31:48]} 5. a3 {[%clk 1:32:33]} Nd7 {[%clk 1:27:10]}
6. Be2 {[%clk 1:32:39]} c5 {[%clk 1:25:15]} 7. O-O {[%clk 1:32:57]} Ne7
{[%clk 1:20:54]} 8. dxc5 {[%clk 1:32:28]} Nc6 {[%clk 1:18:27]} 9. b4
{[%clk 1:29:27]} Ndxe5 {[%clk 1:12:28]} 10. Nxe5 {[%clk 1:28:33]} Nxe5
{[%clk 1:12:56]} 11. Bb2 {[%clk 1:25:59]} Nc6 {[%clk 1:04:47]} 12. Nd2
{[%clk 1:22:55]} Be7 {[%clk 0:51:37]} 13. Nf3 {[%clk 1:03:36]} O-O
{[%clk 0:51:03]} 14. c4 {[%clk 1:01:35]} dxc4 {[%clk 0:47:24]} 15. Bxc4
{[%clk 1:01:38]} Qc7 {[%clk 0:43:58]} 16. Qe2 {[%clk 0:57:09]} Rad8
{[%clk 0:43:09]} 17. Rfd1 {[%clk 0:56:19]} Qf4 {[%clk 0:39:43]} 18. g3
{[%clk 0:44:07]} Qg4 {[%clk 0:36:03]} 19. Ne5 {[%clk 0:43:57]} Nxe5
{[%clk 0:34:48]} 20. Bxe5 {[%clk 0:44:15]} Qxe2 {[%clk 0:31:40]} 21. Bxe2
{[%clk 0:44:42]} Be4 {[%clk 0:31:27]} 22. f4 {[%clk 0:38:53]} Bd5
{[%clk 0:29:09]} 23. Kf2 {[%clk 0:37:24]} f6 {[%clk 0:29:12]} 24. Bc3
{[%clk 0:36:13]} Kf7 {[%clk 0:28:01]} 25. Bf3 {[%clk 0:32:15]} Bxf3
{[%clk 0:28:00]} 26. Kxf3 {[%clk 0:32:36]} h5 {[%clk 0:26:47]} 27. h3
{[%clk 0:31:13]} Rg8 {[%clk 0:23:12]} 28. Rxd8 {[%clk 0:27:29]} Rxd8
{[%clk 0:23:33]} 29. Ke2 {[%clk 0:27:36]} Rg8 {[%clk 0:19:27]} 30. Rd1
{[%clk 0:21:19]} Ke8 {[%clk 0:19:53]} 31. h4 {[%clk 0:19:35]} g5 {[%clk 0:19:08]}
32. hxg5 {[%clk 0:15:35]} fxg5 {[%clk 0:19:36]} 33. Be5 {[%clk 0:13:54]} h4
{[%clk 0:16:25]} 34. fxg5 {[%clk 0:10:36]} hxg3 {[%clk 0:16:22]} 35. Bxg3
{[%clk 0:09:26]} Rxg5 {[%clk 0:15:59]} 36. Bf4 {[%clk 0:09:11]} Rg2+
{[%clk 0:13:49]} 37. Kf3 {[%clk 0:08:00]} Rb2 {[%clk 0:13:17]} 38. Ke4
{[%clk 0:05:51]} a5 {[%clk 0:08:01]} 39. Bd2 {[%clk 0:03:19]} Ra2
{[%clk 0:05:09]} 40. bxa5 {[%clk 0:31:54]} Bxc5 {[%clk 0:32:27]} 41. Bb4
{[%clk 0:31:40]} Bxb4 {[%clk 0:30:20]} 42. axb4 {[%clk 0:32:09]} Re2+
{[%clk 0:30:22]} 43. Kd3 {[%clk 0:31:30]} Re5 {[%clk 0:30:38]} 44. Kc4
{[%clk 0:31:50]} Ke7 {[%clk 0:29:13]} 45. b5 {[%clk 0:30:59]} Rd5
{[%clk 0:24:44]} 46. Ra1 {[%clk 0:11:52]} Rd8 {[%clk 0:22:49]} 47. Kc5
{[%clk 0:11:31]} e5 {[%clk 0:16:31]} 48. Kb6 {[%clk 0:11:34]} Rd7
{[%clk 0:16:28]} 49. a6 {[%clk 0:10:42]} bxa6 {[%clk 0:16:49]} 50. bxa6
{[%clk 0:11:05]} Rd6+ {[%clk 0:14:51]} 51. Kc5 {[%clk 0:09:18]} Rd8
{[%clk 0:15:09]} 52. a7 {[%clk 0:09:40]} Ra8 {[%clk 0:15:37]} 53. Kb6
{[%clk 0:09:17]} Kd6 {[%clk 0:14:30]} 54. Rd1+ {[%clk 0:08:36]} Ke6
{[%clk 0:14:35]} 55. Kb7 {[%clk 0:08:48]} Rh8 {[%clk 0:14:42]} 56. a8=Q
{[%clk 0:08:58]} Rxa8 {[%clk 0:15:05]} 57. Kxa8 {[%clk 0:09:18]} e4
{[%clk 0:15:14]} 58. Kb7 {[%clk 0:09:41]} Ke5 {[%clk 0:15:16]} 59. Kc6
{[%clk 0:10:04]} 1-0

[Event "eytcc"]
[Site "?"]
[Date "2017.08.23"]
[Round "7.33"]
[White "Murphy, Conor E"]
[Black "Rudecki, Bartosz"]
[Result "1-0"]
[BlackElo "1884"]
[WhiteElo "2164"]
[LiveChessVersion "1.4.4"]

1. d4 {[%clk 1:30:00]} Nf6 {[%clk 1:30:46]} 2. Bg5 {[%clk 1:30:05]} Ne4
{[%clk 1:27:34]} 3. Bf4 {[%clk 1:30:13]} d5 {[%clk 1:25:14]} 4. e3
{[%clk 1:30:24]} c6 {[%clk 1:24:02]} 5. Bd3 {[%clk 1:29:48]} Bf5 {[%clk 1:18:45]}
6. f3 {[%clk 1:29:54]} Qa5+ {[%clk 1:18:07]} 7. c3 {[%clk 1:29:55]} Nd6
{[%clk 1:18:16]} 8. Bxd6 {[%clk 1:29:31]} Bxd3 {[%clk 1:17:58]} 9. Bxe7
{[%clk 1:12:58]} Ba6 {[%clk 1:08:16]} 10. Bxf8 {[%clk 1:12:33]} Qb5
{[%clk 1:04:07]} 11. Qe2 {[%clk 1:12:01]} Rxf8 {[%clk 0:59:21]} 12. Qxb5
{[%clk 1:11:41]} Bxb5 {[%clk 0:59:44]} 13. e4 {[%clk 1:08:46]} Nd7
{[%clk 0:57:38]} 14. Nd2 {[%clk 1:08:52]} a5 {[%clk 0:55:30]} 15. Nh3
{[%clk 1:07:45]} O-O-O {[%clk 0:53:10]} 16. O-O-O {[%clk 1:06:41]} c5
{[%clk 0:50:37]} 17. exd5 {[%clk 1:04:16]} cxd4 {[%clk 0:48:58]} 18. Ne4
{[%clk 1:02:15]} Nb6 {[%clk 0:47:08]} 19. Rxd4 {[%clk 1:02:21]} Bc4
{[%clk 0:45:57]} 20. b3 {[%clk 1:01:04]} Bxd5 {[%clk 0:45:19]} 21. c4
{[%clk 0:59:41]} Bc6 {[%clk 0:43:42]} 22. Rhd1 {[%clk 0:59:17]} Rxd4
{[%clk 0:41:49]} 23. Rxd4 {[%clk 0:56:57]} f5 {[%clk 0:38:42]} 24. Nc5
{[%clk 0:52:22]} Rf6 {[%clk 0:35:11]} 25. Nf4 {[%clk 0:50:31]} Kb8
{[%clk 0:32:40]} 26. Rd8+ {[%clk 0:50:00]} Ka7 {[%clk 0:31:55]} 27. Rg8
{[%clk 0:49:32]} Rf7 {[%clk 0:29:06]} 28. Nfe6 {[%clk 0:48:39]} g6
{[%clk 0:25:24]} 29. Rg7 {[%clk 0:47:20]} Rxg7 {[%clk 0:25:06]} 30. Nxg7
{[%clk 0:47:47]} Nd7 {[%clk 0:25:11]} 31. Nge6 {[%clk 0:48:03]} Ne5
{[%clk 0:24:10]} 32. Nd4 {[%clk 0:47:48]} Kb6 {[%clk 0:23:06]} 33. Nce6
{[%clk 0:46:47]} Nd3+ {[%clk 0:22:31]} 34. Kd2 {[%clk 0:47:08]} Ne5
{[%clk 0:21:29]} 35. Kc3 {[%clk 0:45:56]} Be8 {[%clk 0:20:54]} 36. a3
{[%clk 0:44:33]} Bf7 {[%clk 0:18:49]} 37. b4 {[%clk 0:43:35]} axb4+
{[%clk 0:18:27]} 38. axb4 {[%clk 0:44:03]} Ka7 {[%clk 0:18:20]} 39. c5
{[%clk 0:41:09]} b6 {[%clk 0:18:03]} 40. Nd8 {[%clk 1:07:59]} bxc5
{[%clk 0:45:06]} 41. bxc5 {[%clk 1:08:12]} Bd5 {[%clk 0:41:23]} 42. Nb5+
{[%clk 1:06:56]} Kb8 {[%clk 0:41:32]} 43. Kd4 {[%clk 1:06:55]} Bxf3
{[%clk 0:39:43]} 44. Kxe5 {[%clk 1:06:41]} Bxg2 {[%clk 0:38:45]} 45. Ne6
{[%clk 1:05:22]} Kb7 {[%clk 0:37:06]} 46. Nbd4 {[%clk 1:05:34]} Kc8
{[%clk 0:34:45]} 47. Kf6 {[%clk 1:05:08]} Be4 {[%clk 0:34:45]} 48. Kg5
{[%clk 1:04:51]} Kd7 {[%clk 0:34:49]} 49. Nf8+ {[%clk 1:05:00]} Ke7
{[%clk 0:35:04]} 50. Nxh7 {[%clk 1:05:21]} Kf7 {[%clk 0:35:07]} 51. Nf6
{[%clk 1:05:31]} Bh1 {[%clk 0:35:17]} 52. Nd7 {[%clk 1:05:51]} Kg7
{[%clk 0:35:07]} 53. Ne5 {[%clk 1:06:10]} f4 {[%clk 0:35:26]} 54. Ndf3
{[%clk 1:06:09]} Bg2 {[%clk 0:35:07]} 55. Kxf4 {[%clk 1:05:55]} Kh6
{[%clk 0:35:10]} 56. Nxg6 {[%clk 1:05:37]} Bf1 {[%clk 0:33:58]} 57. Ne7
{[%clk 1:05:44]} Kh5 {[%clk 0:34:02]} 58. c6 {[%clk 1:05:33]} Bb5
{[%clk 0:34:21]} 59. c7 {[%clk 1:05:34]} Bd7 {[%clk 0:34:40]} 60. c8=Q
{[%clk 1:05:30]} Bxc8 {[%clk 0:35:03]} 61. Nxc8 {[%clk 1:05:43]} Kh6
{[%clk 0:35:26]} 62. Kg4 {[%clk 1:06:08]} Kh7 {[%clk 0:35:52]} 63. Ne5
{[%clk 1:06:34]} Kh6 {[%clk 0:36:11]} 64. h4 {[%clk 1:07:00]} Kg7
{[%clk 0:36:33]} 65. Kg5 {[%clk 1:07:25]} Kh7 {[%clk 0:36:58]} 66. h5
{[%clk 1:07:50]} Kg7 {[%clk 0:37:20]} 67. h6+ {[%clk 1:08:15]} Kh7
{[%clk 0:37:46]} 68. Na7 {[%clk 1:08:41]} Kg8 {[%clk 0:38:05]} 69. Kg6
{[%clk 1:09:08]} 1-0

[Event "eytcc"]
[Site "?"]
[Date "2017.08.23"]
[Round "7.34"]
[White "Swider, Pawel"]
[Black "Whatley, Stephen A J"]
[Result "1-0"]
[BlackElo "2172"]
[WhiteElo "1918"]
[LiveChessVersion "1.4.4"]

1. d4 {[%clk 1:30:58]} Nf6 {[%clk 1:29:34]} 2. c4 {[%clk 1:31:20]} c5
{[%clk 1:29:56]} 3. Nf3 {[%clk 1:31:26]} cxd4 {[%clk 1:30:14]} 4. Nxd4
{[%clk 1:31:50]} e5 {[%clk 1:30:35]} 5. Nb5 {[%clk 1:32:01]} d5 {[%clk 1:30:51]}
6. cxd5 {[%clk 1:31:57]} Bc5 {[%clk 1:31:11]} 7. e3 {[%clk 1:26:57]} O-O
{[%clk 1:31:22]} 8. N5c3 {[%clk 1:25:35]} e4 {[%clk 1:21:07]} 9. Be2
{[%clk 1:22:38]} Qe7 {[%clk 1:19:07]} 10. Nd2 {[%clk 1:15:57]} Rd8
{[%clk 1:17:05]} 11. Qc2 {[%clk 1:11:52]} Bf5 {[%clk 1:15:32]} 12. O-O
{[%clk 1:08:34]} Nbd7 {[%clk 1:10:03]} 13. a3 {[%clk 0:59:42]} Rac8
{[%clk 1:04:00]} 14. Rd1 {[%clk 0:47:45]} Nb6 {[%clk 0:59:59]} 15. Nf1
{[%clk 0:39:49]} Bd6 {[%clk 0:50:46]} 16. Bd2 {[%clk 0:38:10]} Qe5
{[%clk 0:33:29]} 17. Rac1 {[%clk 0:34:52]} h5 {[%clk 0:29:34]} 18. Qb3
{[%clk 0:32:00]} h4 {[%clk 0:25:16]} 19. Nb5 {[%clk 0:30:14]} Rxc1
{[%clk 0:22:32]} 20. Rxc1 {[%clk 0:30:33]} Nbxd5 {[%clk 0:18:01]} 21. Nxd6
{[%clk 0:29:54]} Rxd6 {[%clk 0:17:43]} 22. Bc3 {[%clk 0:24:06]} Nxc3
{[%clk 0:14:26]} 23. Qxc3 {[%clk 0:24:15]} Qxc3 {[%clk 0:13:52]} 24. Rxc3
{[%clk 0:24:40]} Bg4 {[%clk 0:12:58]} 25. Bxg4 {[%clk 0:23:23]} Nxg4
{[%clk 0:13:27]} 26. Rc8+ {[%clk 0:22:57]} Kh7 {[%clk 0:13:32]} 27. Rc7
{[%clk 0:23:09]} Rb6 {[%clk 0:12:24]} 28. b4 {[%clk 0:22:37]} Ne5
{[%clk 0:11:52]} 29. h3 {[%clk 0:22:01]} a5 {[%clk 0:09:38]} 30. bxa5
{[%clk 0:17:05]} Rb1 {[%clk 0:09:54]} 31. Rc5 {[%clk 0:17:00]} f6
{[%clk 0:09:17]} 32. a4 {[%clk 0:16:28]} Nc6 {[%clk 0:04:50]} 33. a6
{[%clk 0:15:49]} Rb4 {[%clk 0:02:39]} 34. axb7 {[%clk 0:15:08]} Nd8
{[%clk 0:02:46]} 35. Rb5 {[%clk 0:11:52]} Rxb5 {[%clk 0:03:10]} 36. axb5
{[%clk 0:12:17]} Nxb7 {[%clk 0:03:36]} 37. Nd2 {[%clk 0:12:42]} f5
{[%clk 0:03:40]} 38. f3 {[%clk 0:12:37]} exf3 {[%clk 0:01:53]} 39. Nxf3
{[%clk 0:12:58]} Nd6 {[%clk 0:00:57]} 40. b6 {[%clk 0:42:36]} Kg6
{[%clk 0:31:22]} 41. Nxh4+ {[%clk 0:42:18]} Kf6 {[%clk 0:30:57]} 42. Kf2
{[%clk 0:42:22]} Ke5 {[%clk 0:29:58]} 43. Ke2 {[%clk 0:41:40]} Ke4
{[%clk 0:27:32]} 44. g4 {[%clk 0:39:44]} f4 {[%clk 0:21:35]} 45. exf4
{[%clk 0:39:20]} Kxf4 {[%clk 0:21:46]} 46. Nf5 {[%clk 0:39:41]} Nb7
{[%clk 0:21:41]} 47. Nxg7 {[%clk 0:40:04]} Kg3 {[%clk 0:21:49]} 48. Ne6
{[%clk 0:40:13]} Kh4 {[%clk 0:21:25]} 49. Kf3 {[%clk 0:40:18]} Na5
{[%clk 0:21:09]} 50. Kf4 {[%clk 0:39:56]} Nb7 {[%clk 0:21:21]} 51. Ke5
{[%clk 0:40:00]} Na5 {[%clk 0:21:09]} 52. Kf6 {[%clk 0:40:06]} Nb7
{[%clk 0:21:19]} 53. g5 {[%clk 0:40:28]} Kh5 {[%clk 0:21:33]} 54. Nf4+
{[%clk 0:40:46]} 1-0

[Event "eytcc"]
[Site "?"]
[Date "2017.08.23"]
[Round "7.35"]
[White "Kalavannan, Koby"]
[Black "Gazda, Dominik"]
[Result "1-0"]
[BlackElo "1438"]
[WhiteElo "2201"]
[LiveChessVersion "1.4.4"]

1. d4 {[%clk 1:30:53]} d5 {[%clk 1:30:49]} 2. Nf3 {[%clk 1:31:10]} Nf6
{[%clk 1:30:41]} 3. c4 {[%clk 1:31:28]} c6 {[%clk 1:30:29]} 4. Nbd2
{[%clk 1:31:24]} g6 {[%clk 1:29:18]} 5. g3 {[%clk 1:30:59]} Bg7 {[%clk 1:28:33]}
6. Bg2 {[%clk 1:31:27]} O-O {[%clk 1:28:33]} 7. O-O {[%clk 1:31:52]} Nbd7
{[%clk 1:28:07]} 8. Qc2 {[%clk 1:28:53]} dxc4 {[%clk 1:27:04]} 9. Nxc4
{[%clk 1:24:42]} Nb6 {[%clk 1:27:13]} 10. e3 {[%clk 1:22:57]} Bf5
{[%clk 1:25:33]} 11. Qe2 {[%clk 1:23:08]} Nxc4 {[%clk 1:24:15]} 12. Qxc4
{[%clk 1:22:04]} Be4 {[%clk 1:22:45]} 13. b3 {[%clk 1:17:31]} Qa5
{[%clk 1:21:11]} 14. Bb2 {[%clk 1:11:57]} Nd5 {[%clk 1:16:47]} 15. Rfc1
{[%clk 0:52:32]} Qb4 {[%clk 1:03:47]} 16. a3 {[%clk 0:50:58]} Qxc4
{[%clk 1:03:16]} 17. bxc4 {[%clk 0:50:09]} Nb6 {[%clk 0:59:14]} 18. a4
{[%clk 0:50:24]} Rfd8 {[%clk 0:54:33]} 19. Ra2 {[%clk 0:40:12]} e6 20. Ng5
{[%clk 0:37:17]} Bxg2 {[%clk 0:49:54]} 21. Kxg2 {[%clk 0:37:46]} Bf8
{[%clk 0:48:40]} 22. Ba3 {[%clk 0:36:38]} Bxa3 {[%clk 0:48:33]} 23. Rxa3
{[%clk 0:37:06]} Nd7 {[%clk 0:48:39]} 24. c5 {[%clk 0:26:58]} Nf6
{[%clk 0:46:21]} 25. Rb3 {[%clk 0:26:46]} Rd7 {[%clk 0:45:16]} 26. Rcb1
{[%clk 0:26:55]} Rb8 {[%clk 0:45:32]} 27. a5 {[%clk 0:25:37]} e5 {[%clk 0:40:36]}
28. dxe5 {[%clk 0:23:01]} Rd5 {[%clk 0:40:56]} 29. exf6 {[%clk 0:22:24]} Rxg5
{[%clk 0:41:04]} 30. Rxb7 {[%clk 0:22:35]} Rxb7 {[%clk 0:41:13]} 31. Rxb7
{[%clk 0:23:03]} h5 {[%clk 0:41:29]} 32. Rb8+ {[%clk 0:23:08]} Kh7
{[%clk 0:41:46]} 33. Rf8 {[%clk 0:23:30]} Rxc5 {[%clk 0:41:53]} 34. Rxf7+
{[%clk 0:23:58]} Kg8 {[%clk 0:42:11]} 35. Rxa7 {[%clk 0:24:20]} Kf8
{[%clk 0:41:56]} 36. a6 {[%clk 0:24:09]} Ra5 {[%clk 0:42:15]} 37. Ra8+
{[%clk 0:24:11]} Kf7 {[%clk 0:42:32]} 38. a7 {[%clk 0:24:39]} c5 {[%clk 0:42:44]}
39. Rh8 {[%clk 0:25:03]} 1-0

[Event "eytcc"]
[Site "?"]
[Date "2017.08.23"]
[Round "7.36"]
[White "Winter, Anna"]
[Black "Varney, Zoe"]
[Result "0-1"]
[BlackElo "2005"]
[WhiteElo "1561"]
[LiveChessVersion "1.4.4"]

1. e4 {[%clk 1:30:57]} e5 {[%clk 1:30:53]} 2. d4 {[%clk 1:31:18]} exd4
{[%clk 1:30:55]} 3. Qxd4 {[%clk 1:31:36]} Nc6 {[%clk 1:31:02]} 4. Qe3
{[%clk 1:31:44]} d6 {[%clk 1:29:26]} 5. Nc3 {[%clk 1:31:06]} Nf6 {[%clk 1:28:29]}
6. Bd2 {[%clk 1:30:08]} Be7 {[%clk 1:17:53]} 7. O-O-O {[%clk 1:26:21]} O-O
{[%clk 1:16:08]} 8. f3 {[%clk 1:16:40]} a5 {[%clk 1:11:39]} 9. g4
{[%clk 1:11:46]} d5 {[%clk 1:06:55]} 10. exd5 {[%clk 1:10:37]} Nxd5
{[%clk 1:07:09]} 11. Nxd5 {[%clk 1:05:26]} Qxd5 {[%clk 1:07:15]} 12. Qb3
{[%clk 1:03:45]} Qxb3 {[%clk 1:00:43]} 13. axb3 {[%clk 0:57:50]} a4
{[%clk 0:57:42]} 14. bxa4 {[%clk 0:57:38]} Rxa4 {[%clk 0:58:03]} 15. c3
{[%clk 0:57:31]} Be6 {[%clk 0:58:03]} 16. Bd3 {[%clk 0:52:44]} Rd8
{[%clk 0:52:18]} 17. Bb1 {[%clk 0:47:31]} Ra1 {[%clk 0:49:40]} 18. Ne2
{[%clk 0:44:01]} Bc4 {[%clk 0:46:55]} 19. Nd4 {[%clk 0:33:20]} Nxd4
{[%clk 0:46:23]} 20. cxd4 {[%clk 0:33:39]} Bd3 {[%clk 0:46:44]} 0-1